000 01011nam a22002177a 4500
999 _c18899
_d18899
005 20251125232911.0
008 s2529 th tha d
040 _aNALT
041 _atha
100 0 _aประภาศน์ อวยชัย
245 1 0 _aประมวลกฎหมายแพ่งและพาณิชย์ บรรพ 4 ทรัพย์สิน มาตรา 1298 ถึง มาตรา 1434
260 3 _aกรุงเทพฯ :
_bศักดิ์โสภาการพิมพ์,
_c2529
300 _a1652 หน้า ;
_b 27 ซม.
650 0 4 _aกฎหมายแพ่งและพาณิชย์ -- ทรัพย์สิน
650 0 4 _aกฎหมายแพ่งและพาณิชย์ บรรพ 4
850 _aNALT
856 4 0 _uhttps://hdl.handle.net/20.500.14156/461433
_71
942 _cLB
_2lcc
998 _j25
_k นีลวัสน์ อินทรักษา
090 _aKS53 ป343ป 2529